[Event "SWE-chT 0304"]
[Site "Sweden"]
[Date "2003.??.??"]
[Round "1"]
[White "Bjarnehag, Peter"]
[Black "Ikonic, Borislav"]
[Result "0-1"]
[WhiteElo "2221"]
[BlackElo "2280"]
[PlyCount "70"]
[EventDate "2003.10.??"]
[EventType "team"]
[EventRounds "11"]
[EventCountry "SWE"]
[SourceTitle "EXT 2005"]
[Source "ChessBase"]
[SourceDate "2004.11.15"]
[SourceVersion "1"]
[SourceVersionDate "2004.11.15"]
[SourceQuality "1"]
[WhiteTeam "Solna"]
[BlackTeam "Lund"]
[WhiteTeamCountry "SWE"]
[BlackTeamCountry "SWE"]

1. Nf3 Nf6 2. c4 e6 3. g3 b6 4. Bg2 Bb7 5. 0-0 c5 6. Nc3 Be7 7. d4 cxd4 8. Qxd4 0-0 9. Rd1 Nc6 10. Qf4 d6 11. b3 Qb8 12. Bb2 Rd8 13. Rac1 a6 14. Rd2 Ra7 15. Rcd1 Ba8 16. Ng5 h6 17. Nge4 Ne8 18. g4 Ne5 19. g5 Ng6 20. Qg3 hxg5 21. Nxg5 Bxg2 22. Kxg2 Nf8 23. f3 b5 24. Qf4 f6 25. Nh3 bxc4 26. Qxc4 d5 27. Qh4 Rad7 28. Qh5 Bb4 29. Rd4 g6 30. Qg4 Bxc3 31. Bxc3 e5 32. Rb4 Qc8 33. Rc1 Rc7 34. Bd2 Rxc1 35. Bxc1 Qxc1 0-1

[Event "SWE-chT 0102"]
[Site "Sweden"]
[Date "2001.12.08"]
[Round "5"]
[White "Moberg, Karl Johan"]
[Black "Ikonic, Borislav"]
[Result "1-0"]
[WhiteElo "2380"]
[BlackElo "2334"]
[PlyCount "55"]
[EventDate "2001.10.12"]
[EventType "team"]
[EventRounds "11"]
[EventCountry "SWE"]
[SourceTitle "EXT 2003"]
[Source "ChessBase"]
[SourceDate "2002.11.25"]
[SourceVersion "1"]
[SourceVersionDate "2002.11.25"]
[SourceQuality "1"]
[WhiteTeam "Manhem"]
[BlackTeam "Lunds"]
[WhiteTeamCountry "SWE"]
[BlackTeamCountry "SWE"]

1. e4 c5 2. Nf3 e6 3. d4 cxd4 4. Nxd4 Nc6 5. Nc3 Qc7 6. Be3 a6 7. Qd2 Nf6 8. f3 Bb4 9. a3 Be7 10. g4 d6 11. g5 Nd7 12. 0-0-0 b5 13. Nxc6 Qxc6 14. Ne2 Nc5 15. Qc3 0-0 16. b4 Bb7 17. bxc5 dxc5 18. Nf4 g6 19. Nd3 Rad8 20. Be2 h5 21. gxh6 f6 22. Rhg1 Kh7 23. Nf4 g5 24. Rxg5 Rxd1+ 25. Bxd1 Rf7 26. Rg1 e5 27. Nd5 Bf8 28. Qd2 1-0

[Event "SWE-chT 0001"]
[Site "Sweden"]
[Date "2001.03.17"]
[Round "10"]
[White "Herrstrom, Tony"]
[Black "Ikonic, Borislav"]
[Result "1-0"]
[WhiteElo "2188"]
[BlackElo "2311"]
[PlyCount "65"]
[EventDate "2000.10.13"]
[EventType "team"]
[EventRounds "11"]
[EventCountry "SWE"]
[SourceTitle "EXT 2006"]
[Source "ChessBase"]
[SourceDate "2005.11.24"]
[SourceVersion "1"]
[SourceVersionDate "2005.11.24"]
[SourceQuality "1"]
[WhiteTeam "Vaesteras "]
[BlackTeam "Lunds"]
[WhiteTeamCountry "SWE"]
[BlackTeamCountry "SWE"]

1. e4 e5 2. Nf3 Nc6 3. d4 d6 4. Bc4 exd4 5. Nxd4 Nf6 6. Nc3 Be7 7. 0-0 0-0 8. h3 Ne5 9. Bb3 c5 10. Nf3 Ng6 11. Qe2 Be6 12. Bxe6 fxe6 13. e5 Nd5 14. exd6 Qxd6 15. Ne4 Qc6 16. g3 Rae8 17. h4 Rf5 18. c4 Nc7 19. h5 Nf8 20. g4 Rf6 21. Ne5 Qa6 22. Bg5 Nd5 23. Qd2 Nb4 24. Rad1 Rd8 25. Qc3 Nxa2 26. Nxf6+ Bxf6 27. Qf3 Rxd1 28. Rxd1 Bxe5 29. Be7 Bf6 30. Bxf8 Qxc4 31. h6 Nc1 32. Bxg7 Ne2+ 33. Kh1 1-0

[Event "SWE-chT 0001"]
[Site "Sweden"]
[Date "2001.01.20"]
[Round "6"]
[White "Brontz, Alexander"]
[Black "Ikonic, Borislav"]
[Result "0-1"]
[WhiteElo "2176"]
[BlackElo "2311"]
[PlyCount "80"]
[EventDate "2000.10.13"]
[EventType "team"]
[EventRounds "11"]
[EventCountry "SWE"]
[SourceTitle "EXT 2006"]
[Source "ChessBase"]
[SourceDate "2005.11.24"]
[SourceVersion "1"]
[SourceVersionDate "2005.11.24"]
[SourceQuality "1"]
[WhiteTeam "Farsta"]
[BlackTeam "Lunds"]
[WhiteTeamCountry "SWE"]
[BlackTeamCountry "SWE"]

1. d4 Nf6 2. c4 e6 3. Nc3 d5 4. e3 c5 5. Nf3 Nc6 6. a3 a5 7. Be2 Be7 8. 0-0 0-0 9. Qc2 dxc4 10. Rd1 Qc7 11. Bxc4 Rd8 12. b3 b6 13. Nb5 Qb8 14. Bb2 cxd4 15. Bd3 Bb7 16. Nbxd4 Nxd4 17. Bxd4 Rc8 18. Qb2 Bd5 19. Ne5 Bc5 20. Bc4 Qb7 21. f3 b5 22. Bxd5 Nxd5 23. Rd3 f6 24. Ng4 Qb6 25. Rad1 b4 26. axb4 axb4 27. Nf2 Bxd4 28. Qxd4 Qxd4 29. exd4 f5 30. g4 g6 31. Nh3 h6 32. Kf2 Rc2+ 33. R1d2 Raa2 34. Rxc2 Rxc2+ 35. Kg3 g5 36. gxf5 exf5 37. f4 Rc3 38. Nf2 Nxf4 39. Rf3 Ne2+ 40. Kg2 Nxd4 0-1

[Event "SWE-chT 0001"]
[Site "Sweden"]
[Date "2000.12.09"]
[Round "5"]
[White "Svenn, Matti"]
[Black "Ikonic, Borislav"]
[Result "0-1"]
[WhiteElo "2239"]
[BlackElo "2347"]
[PlyCount "84"]
[EventDate "2000.10.13"]
[EventType "team"]
[EventRounds "11"]
[EventCountry "SWE"]
[SourceTitle "EXT 2006"]
[Source "ChessBase"]
[SourceDate "2005.11.24"]
[SourceVersion "1"]
[SourceVersionDate "2005.11.24"]
[SourceQuality "1"]
[WhiteTeam "Kamraterna "]
[BlackTeam "Lunds"]
[WhiteTeamCountry "SWE"]
[BlackTeamCountry "SWE"]

1. d4 Nf6 2. c4 e6 3. Nc3 d5 4. Bg5 Be7 5. e3 h6 6. Bh4 0-0 7. Nf3 b6 8. Be2 Bb7 9. 0-0 Nbd7 10. cxd5 Nxd5 11. Bxe7 Qxe7 12. Qa4 Nxc3 13. bxc3 c5 14. Nd2 Rfc8 15. Bf3 Nf6 16. e4 Qd8 17. e5 Bxf3 18. Nxf3 Nd5 19. Rac1 cxd4 20. Qxd4 Qc7 21. c4 Ne7 22. Rfe1 Ng6 23. Red1 Qc5 24. Qb2 Rc7 25. g3 Rac8 26. h4 Qc6 27. Rc3 Qa4 28. Rd4 Qe8 29. Qb4 Rc5 30. Re3 Qc6 31. Rd6 Qc7 32. Qd2 Nf8 33. Red3 Rxc4 34. Qe3 Qb7 35. Kh2 Rc1 36. Rd8 Qc7 37. Rxc8 Qxc8 38. Qd2 Rc2 39. Qd1 Rxf2+ 40. Kh3 Qc2 41. Qe1 Re2 42. Rc3 Qf5+ 0-1

[Event "SWE-chT 0001"]
[Site "Sweden"]
[Date "2000.10.13"]
[Round "1"]
[White "Schutz, Ingemar"]
[Black "Ikonic, Borislav"]
[Result "1-0"]
[WhiteElo "2288"]
[BlackElo "2344"]
[PlyCount "77"]
[EventDate "2000.10.13"]
[EventType "team"]
[EventRounds "11"]
[EventCountry "SWE"]
[SourceTitle "EXT 2006"]
[Source "ChessBase"]
[SourceDate "2005.11.24"]
[SourceVersion "1"]
[SourceVersionDate "2005.11.24"]
[SourceQuality "1"]
[WhiteTeam "Norrkoping Schack 08"]
[BlackTeam "Lunds"]
[WhiteTeamCountry "SWE"]
[BlackTeamCountry "SWE"]

1. e4 e5 2. Nf3 Nc6 3. Bb5 Nf6 4. d3 d6 5. 0-0 Be7 6. c3 0-0 7. Nbd2 a6 8. Bxc6 bxc6 9. d4 exd4 10. cxd4 Nd7 11. b3 c5 12. Bb2 Bb7 13. Qc2 Re8 14. Rfe1 Bf8 15. Rac1 a5 16. Re3 a4 17. bxa4 Bc6 18. Ra3 d5 19. exd5 Bxd5 20. Rd3 c6 21. Ne5 Nxe5 22. dxe5 Qa5 23. Rh3 h6 24. Rh4 Qd8 25. Rg4 Qd7 26. Rg3 Qa7 27. Rg4 Qd7 28. h3 Qe6 29. a3 h5 30. Rg3 Reb8 31. Ba1 c4 32. f4 Qh6 33. Rf1 h4 34. Rg4 Kh8 35. Nxc4 Bxc4 36. Qxc4 Be7 37. Qxf7 Bf8 38. e6 Re8 39. Rg5 1-0